• 首页
  • 本馆介绍
  • 公告通知
  • 最新文献
  • 馆藏检索
  • 电子资源
  • 读者导购
  • 参考咨询
  • 我的图书馆
  • 登录
  • 详细信息显示
  • 放入我的书架
  • 预约/预借图书
  • 作者相关作品
  • 分类相关作品
  • 丛书相关作品
  • 出版社相关作品

书目信息

  • 表格格式
  • 工作单格式
  • 卡片格式
题名:
人机交互基础教程
    
 
作者: 孟祥旭 主编
分册:  
出版信息: 北京   清华大学出版社  2019.1
页数: 297页
开本: 26cm
丛书名:
单 册:
中图分类: TB18
科图分类:
主题词: 人-机系统--高等学校--教材
电子资源:
ISBN: 978-7-302-42745-2
000 01005nam0 2200265 45
001 012001000780
005 20211013144704.12
010    @a978-7-302-42745-2@dCNY49.00
100    @a20160504d2016 em y0chiy50 ea
101 0  @achi
102    @aCN@b110000
105    @aa z 000yy
106    @ar
200 1  @a人机交互基础教程@Aren ji jiao hu ji chu jiao cheng@f孟祥旭[等]主编
205    @a3版
210    @a北京@c清华大学出版社@d2019.1
215    @a297页@c图@d26cm
300    @a普通高等教育“十一五”国家级规划教材 21世纪高等学校计算机专业核心课程规划教材
304    @a编著还有:李学庆、杨承磊、王璐
330    @a本书在第2版的基础上,着重对人机交互领域飞速发展的新型交互设备、交互理念进行了更新,侧重技术讲解,增加了大量丰富的实例。通过本书的学习,读者可以较好地掌握人机交互的基本知识和有关技术,能够学以致用。
606 0  @a人-机系统@x高等学校@j教材
690    @aTB18@v5
701  0 @a孟祥旭@Ameng xiang xu@f(1962~)@4主编
801  0 @aCN@bBJSDL@c20211011
905    @b1335883-6@dTB18@e217=3@f4
    
    人机交互基础教程/孟祥旭[等]主编.-3版.-北京:清华大学出版社,2019.1
    297页:图;26cm
    普通高等教育“十一五”国家级规划教材 21世纪高等学校计算机专业核心课程规划教材
    
    ISBN 978-7-302-42745-2:CNY49.00
    本书在第2版的基础上,着重对人机交互领域飞速发展的新型交互设备、交互理念进行了更新,侧重技术讲解,增加了大量丰富的实例。通过本书的学习,读者可以较好地掌握人机交互的基本知识和有关技术,能够学以致用。
●
相关链接 在E读中查询图书 在五车中查询图书 在当当中查询图书 在豆瓣中查询图书


正题名:人机交互基础教程     索取号:TB18/217=3         预约/预借

序号 登录号 条形码 馆藏地/架位号 状态 备注
1 1335883   213358837   第二样本阅览室/ [索取号:TB18/217=3] 在馆    
2 1335884   213358846   第三借阅区/ [索取号:TB18/217=3] 在馆    
3 1335885   213358855   第三借阅区/ [索取号:TB18/217=3] 在馆    
4 1335886   213358864   第三借阅区/ [索取号:TB18/217=3] 在馆    
唐山师范学院图书馆 欢迎您!
大连网信软件有限公司© 版权所有